The Anthropology of development and globalization: from classical political economy to contemporary neoliberalism /
Guardado en:
| Hovedforfatter: | |
|---|---|
| Andre forfattere: | |
| Format: | Texto |
| Udgivet: |
Oxford:
Blackwell Publishing
|
| Fag: | |
| Tags: |
Tilføj Tag
Ingen Tags, Vær først til at tagge denne postø!
|
MARC
| LEADER | 00000 a a2200000 04500 | ||
|---|---|---|---|
| 001 | 33371 | ||
| 003 | |||
| 040 | |||
| 090 | |a 0004 E217a | ||
| 100 | |a Edelman, Marc | ||
| 245 | |a The Anthropology of development and globalization: from classical political economy to contemporary neoliberalism / |c Marc Edelman | ||
| 260 | |a Oxford: |b Blackwell Publishing | ||
| 300 | |a 406 p. | ||
| 650 | |a TRABAJADORES | ||
| 650 | |a GLOBALIZACION | ||
| 650 | |a NEOLIBERALISMO | ||
| 650 | |a DESARROLLO ECONOMICO Y SOCIAL | ||
| 650 | |a ECONOMIA DE LA EMPRESA | ||
| 650 | |a ANTROPOLOGOS | ||
| 650 | |a MEXICO | ||
| 700 | |a ed |a Haugerud, Angelique |a ed | ||
| 999 | |c 13303 |d 13303 | ||
